000 00311nam a22001337a 4500
008 171009b xxu||||| |||| 00| 0 eng d
020 _a9780534264185
041 _aeng
080 _28TH
_a159.9
100 _a49
101 _aPSI
245 _aPERSONALITY STRATEGIES AND ISSUES
_cLIEBERT,R.M
942 _2udc
_cBK
999 _c32553
_d32553